28 States of India - Statistics

General Stats
  • This quiz has been taken 47 times
  • The average score is 21 of 28
Answer Stats
Answer % Correct
Kerala
93%
Goa
89%
Tamil Nadu
86%
Uttar Pradesh
86%
Gujarat
82%
Karnataka
82%
West Bengal
82%
Andhra Pradesh
79%
Bihar
79%
Maharashtra
79%
Sikkim
79%
Assam
75%
Madhya Pradesh
75%
Rajasthan
75%
Himachal Pradesh
71%
Odisha
71%
Punjab
71%
Arunachal Pradesh
68%
Mizoram
68%
Telangana
68%
Chattisgarh
64%
Haryana
64%
Meghalaya
64%
Nagaland
64%
Tripura
64%
Uttarakhand
64%
Jharkhand
61%
Manipur
61%
No matching quizzes found
Score Distribution
Percent of People with Each Score
Percentile by Number Answered
Your Score History
You have not taken this quiz